Razón, locura y sociedad
Saved in:
| Main Authors: | , , , , , , |
|---|---|
| Format: | Bog |
| Sprog: | spansk |
| Udgivet: |
Ciudad de México
Siglo Veiuntiuno
1983
|
| Udgivelse: | 6a. ed |
| Serier: | Colección Psicología y Etología
|
| Fag: | |
| Tags: |
Tilføj Tag
Ingen Tags, Vær først til at tagge denne postø!
|
MARC
| LEADER | 00000nam a2200000 a 4500 | ||
|---|---|---|---|
| 001 | UCU8913 | ||
| 003 | CL-VaPUC | ||
| 008 | 960807e19830000MX |||||||||||||||||spa|d | ||
| 082 | 0 | 4 | |a 616.89 |b BAS |2 21 |
| 100 | 0 | |a Basaglia, Franco |e author |9 368162 | |
| 700 | 0 | |a Langer, Marie |e author |9 368163 | |
| 700 | 0 | |a Caruso, Igor A |e author |9 368164 | |
| 700 | 0 | |a Szasz, Thomas S |e author |9 368165 | |
| 700 | 0 | |a Verón, Eliseo |e author |9 368166 | |
| 700 | 0 | |a Suaréz, Armando |e author |9 368167 | |
| 700 | 0 | |a Barrientos, Guillermo |e author |9 368168 | |
| 245 | 1 | 0 | |a Razón, locura y sociedad |
| 250 | |a 6a. ed | ||
| 300 | |a 199 p | ||
| 942 | |c BK | ||
| 945 | |d 19960807 00:00:00 |a rbrito | ||
| 260 | |a Ciudad de México |b Siglo Veiuntiuno |c 1983 | ||
| 600 | 0 | |a Freud, Sigmund |e author |9 307892 | |
| 650 | 7 | |a PSIQUIATRIA SOCIAL |2 CL-VaPUC |9 319299 | |
| 650 | 0 | |a Psicoanálisis |9 265702 | |
| 650 | 0 | |a Violencia |9 255411 | |
| 650 | 0 | |a Enfermedades mentales |9 310204 | |
| 650 | 0 | |a Psicología social |9 222894 | |
| 583 | |a last modification |c 19960807 00:00:00 |k Rodrigo Vera | ||
| 490 | 0 | |a Colección Psicología y Etología | |
| 999 | |c 251000 |d 250998 | ||
| 952 | |0 0 |1 0 |4 0 |6 616_890000000000000_BAS_1983 |7 0 |8 P |9 269880 |a BIBEDU |b BIBEDU |c BIBEDU_PB |d 2019-11-19 |i 2757974 |l 1 |o 616.89 BAS 1983 |p 2757974 |r 2024-03-26 |s 2024-03-22 |w 2019-11-19 |y BK |k EDU | ||